| 000 | 01903cam a22005654i 4500 | ||
|---|---|---|---|
| 003 | PE-LiUPU | ||
| 005 | 20250731180112.0 | ||
| 008 | 171206s2013 sp a rb 001 0 spa d | ||
| 020 | _a9788490066515 | ||
| 035 | _a(Sirsi) a240330 | ||
| 040 |
_aPE-LiUPU _bspa _cPE-LiUPU _erda |
||
| 049 | _aPRUA | ||
| 082 | 0 | 4 |
_a576.64 _bC87 _220 |
| 100 | 1 |
_aCrawford, Dorothy H., _eautor. |
|
| 245 | 1 | 3 |
_aEl enemigo invisible : _bla historia secreta de los virus / _cDorothy H. Crawford. |
| 250 | _aPrimera edición. | ||
| 264 | 1 |
_aBarcelona : _bRBA, _c2013. |
|
| 300 |
_a287 páginas : _bilustración ; _c22 centímetros. |
||
| 336 |
_atext _2rdacontent |
||
| 337 |
_aunmediated _2rdamedia |
||
| 338 |
_avolume _2rdacarrier |
||
| 490 | 0 | _aDivulgación científica | |
| 504 | _aBibliografía : páginas 255-266. | ||
| 504 | _aÍndice : páginas 281-287. | ||
| 505 | 0 | _aEl parásito letal -- Bichos, gérmenes y microbios -- ¿Virus nuevos o viejos enemigo con nuevos disfraces? -- Toses y estornudos extienden enfermedades -- Al revés que el amor, el herpes es para siempre -- Virus y cáncer -- En busca de la cura. | |
| 526 | _aSEG44 | ||
| 526 | _aSEG26 | ||
| 526 | _aP159 | ||
| 526 | _aP155 | ||
| 526 | _aP154 | ||
| 526 | _aP153 | ||
| 526 | _aP150 | ||
| 526 | _aP100 | ||
| 526 | _aP31 | ||
| 526 | _aP30 | ||
| 526 | _aP26 | ||
| 526 | _aP25 | ||
| 526 | _aP24 | ||
| 526 | _aP22 | ||
| 526 | _aP15 | ||
| 526 | _aP10 | ||
| 541 | _g12-002-059500; | ||
| 650 | 0 | 4 | _aVirología. |
| 650 | 0 | 4 | _aVirus. |
| 650 | 0 | 4 | _aVirology. |
| 910 |
_adbm _bksl _cksl _d20171206 |
||
| 596 | _a1 | ||
| 942 |
_2ddc _cBOOK |
||
| 999 |
_a576.64 C87 _wLC _c25995 _i77403 _f2021-11-5 _g4 _lCCODEBUL1 _mBUL _p26.56 _r0 _sY _tBOOK _u2017-12-6 _xBIBLIOTECA _PP79 _0COMPRA _o.STAFF. Colección Ciencias de la Salud _d25995 |
||
| 980 |
_81 _gALBERTO SANCHEZ Responsable de Automatización |
||